Высоковольтный магнитно-импульсный генератор импульсов; Современные техника и технологии; Т. 1
| Parent link: | Современные техника и технологии: сборник трудов XV Международной научно-практической конференции студентов, аспирантов и молодых ученых, Томск, 4-8 мая 2009 г/ Национальный исследовательский Томский политехнический университет (ТПУ).— , 2009 Т. 1.— 2009.— [С. 48-50] |
|---|---|
| Auteur principal: | |
| Autres auteurs: | |
| Résumé: | Заглавие с титульного листа Электронная версия печатной публикации |
| Langue: | russe |
| Publié: |
2009
|
| Sujets: | |
| Accès en ligne: | http://www.lib.tpu.ru/fulltext/c/2009/C01/V1/022.pdf |
| Format: | Électronique Chapitre de livre |
| KOHA link: | https://koha.lib.tpu.ru/cgi-bin/koha/opac-detail.pl?biblionumber=240359 |
MARC
| LEADER | 00000naa2a2200000 4500 | ||
|---|---|---|---|
| 001 | 240359 | ||
| 005 | 20260316160823.0 | ||
| 035 | |a (RuTPU)RU\TPU\book\261613 | ||
| 035 | |a RU\TPU\book\261611 | ||
| 090 | |a 240359 | ||
| 100 | |a 20130620d2009 k y0rusy50 ca | ||
| 101 | 0 | |a rus | |
| 102 | |a RU | ||
| 135 | |a drnn ---uucaa | ||
| 181 | 0 | |a i | |
| 182 | 0 | |a b | |
| 200 | 1 | |a Высоковольтный магнитно-импульсный генератор импульсов |f М. И. Кайканов, И. С. Егоров | |
| 203 | |a Текст |c электронный | ||
| 215 | |a 1 файл (500 Кб) | ||
| 300 | |a Заглавие с титульного листа | ||
| 300 | |a Электронная версия печатной публикации | ||
| 337 | |a Adobe Reader | ||
| 461 | 0 | |0 (RuTPU)RU\TPU\book\261117 |t Современные техника и технологии |o сборник трудов XV Международной научно-практической конференции студентов, аспирантов и молодых ученых, Томск, 4-8 мая 2009 г |o в 3 т. |f Национальный исследовательский Томский политехнический университет (ТПУ) |d 2009 | |
| 463 | 0 | |0 (RuTPU)RU\TPU\book\261157 |t Т. 1 |v [С. 48-50] |d 2009 | |
| 610 | 1 | |a электронный ресурс | |
| 610 | 1 | |a труды учёных ТПУ | |
| 610 | 1 | |a высоковольтные генераторы | |
| 610 | 1 | |a импульсные генераторы | |
| 610 | 1 | |a магнитно-импульсные установки | |
| 610 | 1 | |a формирователи импульсов | |
| 610 | 1 | |a осциллограммы | |
| 610 | 1 | |a схемы | |
| 610 | 1 | |a принципиальные схемы | |
| 610 | 1 | |a расчет | |
| 700 | 1 | |a Кайканов |b М. И. |c физик |c инженер Томского политехнического университета |f 1987- |g Марат Исламбекович |3 (RuTPU)RU\TPU\pers\30624 | |
| 701 | 1 | |a Егоров |b И. С. |c физик |c научный сотрудник Томского политехнического университета, кандидат технических наук |f 1985- |g Иван Сергеевич |y Томск |3 (RuTPU)RU\TPU\pers\30622 |9 14903 | |
| 801 | 1 | |a RU |b 63413507 |c 20130617 | |
| 801 | 2 | |a RU |b 63413507 |c 20131024 |g RCR | |
| 856 | 4 | |u http://www.lib.tpu.ru/fulltext/c/2009/C01/V1/022.pdf | |
| 942 | |c CF | ||